Normal view
MARC view
- سمحان، حسين محمد ؛ م.مشارك: موسى عمر مبارك ، عبد الحميد أبو صقري
Entry Personal Name
001 - CONTROL NUMBER
- control field: 34279
003 - CONTROL NUMBER IDENTIFIER
- control field: JO-AjAnu
005 - DATE AND TIME OF LATEST TRANSACTION
- control field: 20230606075737.0
008 - FIXED-LENGTH DATA ELEMENTS
- fixed length control field: 230606|| aca||aabn | a|a d
040 ## - CATALOGING SOURCE
- Original cataloging agency: JO-AjAnu
- Transcribing agency: JO-AjAnu
100 ## - HEADING--PERSONAL NAME
- Personal name: سمحان، حسين محمد ؛ م.مشارك: موسى عمر مبارك ، عبد الحميد أبو صقري
670 ## - SOURCE DATA FOUND
- Source citation: Work cat.: (JO-AjAnu)17604: سمحان، حسين محمد ؛ م.مشارك: موسى عمر مبارك ، عبد الحميد أبو صقري, author, إدارة الإستثمار في المصارف الإسلامية